000 01508pam a2200361 a 4500
999 _c1771
_d1771
001 4034075
003 OSt
005 20210630070033.0
008 980601s1999 moua b 001 0 eng c
010 _a 98027270
020 _a0815145691
040 _aDNLM/DLC
_cDLC
_dDLC
050 0 0 _aRC86.7
_b.P48 1999
060 1 0 _aWO 700
_bP577 1999
082 0 0 _a616.02/5
_221
245 0 0 _aPHTLS--basic and advanced prehospital trauma life support /
_cPrehospital Trauma Life Support Committee of the National Association of Emergency Medical Technicians in Cooperation with the Committee on Trauma of the American College of Surgeons.
246 3 0 _aBasic and advanced prehospital trauma life support
250 _a4th ed.
260 _aSt. Louis :
_bMosby,
_cc1999.
300 _axxvii, 353 p. :
_bcol. ill. ;
_c28 cm.
504 _aIncludes bibliographical references and index.
650 0 _aMedical emergencies.
650 0 _aFirst aid in illness and injury.
650 0 _aTraumatology.
650 1 2 _aWounds and Injuries
_xtherapy.
650 2 2 _aEmergencies.
650 2 2 _aFirst Aid
_xmethods.
710 2 _aNational Association of Emergency Medical Technicians (U.S.).
_bPre-Hospital Trauma Life Support Committee.
710 2 _aAmerican College of Surgeons.
_bCommittee on Trauma.
906 _a7
_bcbc
_corignew
_d1
_eocip
_f19
_gy-gencatlg
942 _2lcc
_cBK
_nJE